000
00283nam a22001337a 4500
008
180127b xxu||||| |||| 00| 0 eng d
020
_a
9780072302721
041
_a
eng
080
_a
611
100
_a
6
101
_a
ANA
245
_a
Human Anatomy
_c
Foster, M.L
942
_2
udc
_c
BK
999
_c
41083
_d
41083